History Quiz

Random History or Biography Quiz

Famous Historical 'F' First Names Quiz Stats

 Plays Quiz Updated Jan 4, 2016

Challenge
Share
Tweet
Embed
Score 0/30 Timer 05:00
116 Plays Today
% Correct
Fidel
93.8%
Franklin
93%
Florence
91.9%
Farrah
90.5%
Forest
86%
Floyd
85.4%
Faith
84.5%
Francis
84.4%
Frida
81.1%
François
80.5%
Fyodor
79.1%
Franz
77.9%
Fanny
77%
Faisal
75.2%
Frank
75.1%
% Correct
Fay
74.1%
Friedrich
73.3%
Ferdinand
73.1%
Frederick
72.7%
Francisco
64.5%
Flip
62%
Federico
60.4%
Frédéric
56.8%
Fantasia
53.8%
Fatima
53.4%
Fabio
48.3%
Fiorello
47.3%
Felix
43.6%
Felipe
43.2%
Fernando
36.6%

You're not logged in!

Compare scores with friends on all Sporcle quizzes.
Join for Free
OR
Log In

You Might Also Like...

Show Comments

Extras

Top Quizzes Today


Score Distribution

Your Account Isn't Verified!

In order to create a playlist on Sporcle, you need to verify the email address you used during registration. Go to your Sporcle Settings to finish the process.

Report this User

Report this user for behavior that violates our Community Guidelines.

Details: